000 00851nam a2200241Ia 4500
008 100315s9999 xx 000 0 und d
020 _a9781557383891 
040 _cENGLISH 
082 _b8724 
_a332.1 
100 _a"McCoy, John B., Frieder, Larry A., Hedges, Robert B. "
245 _aBottomline Banking : meeting the challenges for survival & success
260 _aLondon 
_bIRWIN  
_c1994 
300 _a370 
365 _eRupees 
_d
_b0.00 
366 _f
505 _gRamakant Amar Navghare 
530 _bDonated By RBI Library  
620 _a"Bottomline Banking, Banking regulation, Bankers casino. "
630 _aBottomline Banking : meeting the challenges for survival & success
650 _aBANKING 
730 _aBottomline Banking : meeting the challenges for survival & success
942 _cBOOK
999 _c483459
_d483456